| 000 | 00501nam a2200181Ia 4500 | ||
|---|---|---|---|
| 008 | 230917s9999||||xx |||||||||||||| ||und|| | ||
| 020 | _cRS 799.00 | ||
| 040 |
_e5012133 _aMAIN |
||
| 041 | _aEnglish | ||
| 082 | _a150 B268P(5) | ||
| 100 | _aBaron, Robert A | ||
| 245 | 0 | _aPsychology: Indian subcontinent edition | |
| 250 | _a5th ed. | ||
| 260 |
_aNoida _bPearson India Education Services _c2023 |
||
| 300 | _axxx, 646 p. | ||
| 500 | _a5062 15/02/2023 PBA23/561 16/02/2023 Main Budget | ||
| 942 | _cBK | ||
| 999 |
_c8878 _d8878 |
||